<?xml version="1.0" encoding="UTF-8"?>
<collection xmlns="http://www.loc.gov/MARC21/slim">
  <record>
    <leader>00000nam  2200000   4500</leader>
    <datafield tag="247" ind1="#" ind2="#">
      <subfield code="a"/>
    </datafield>
    <controlfield tag="Wor">$a 1</controlfield>
    <datafield tag="856" ind1="#" ind2="#">
      <subfield code="a"/>
    </datafield>
    <datafield tag="700" ind1=" " ind2="#">
      <subfield code="a">N. Paul Loomba</subfield>
    </datafield>
    <datafield tag="650" ind1=" " ind2="#">
      <subfield code="a">Permasalahan dan Layanan yang Berhubungan dengan Sakit Fisik</subfield>
    </datafield>
    <datafield tag="520" ind1=" " ind2="#">
      <subfield code="a"/>
    </datafield>
    <datafield tag="321" ind1="#" ind2="#">
      <subfield code="a"/>
    </datafield>
    <datafield tag="310" ind1="#" ind2="#">
      <subfield code="a"/>
    </datafield>
    <datafield tag="300" ind1="#" ind2="#">
      <subfield code="a">300 halaman</subfield>
      <subfield code="b">ilus</subfield>
      <subfield code="c">23,5 cm</subfield>
      <subfield code="e"/>
    </datafield>
    <datafield tag="260" ind1="#" ind2="#">
      <subfield code="a">New York</subfield>
      <subfield code="b">Spectrum Publication</subfield>
      <subfield code="c">1977</subfield>
    </datafield>
    <controlfield tag="001">$a INLIS000000000020816</controlfield>
    <datafield tag="245" ind1="#" ind2="#">
      <subfield code="a">Long-Term Care Administration</subfield>
      <subfield code="b">A Managerial Perspective</subfield>
      <subfield code="c">Samuel Levey and N. Paul Loomba</subfield>
    </datafield>
    <datafield tag="100" ind1=" " ind2="#">
      <subfield code="a">Samuel Levey</subfield>
    </datafield>
    <datafield tag="084" ind1="#" ind2="#">
      <subfield code="a">362 LON</subfield>
    </datafield>
    <datafield tag="082" ind1="#" ind2="#">
      <subfield code="a">362.1</subfield>
    </datafield>
    <datafield tag="035" ind1="#" ind2="#">
      <subfield code="a">0010-1125000015</subfield>
    </datafield>
    <datafield tag="022" ind1="#" ind2="#">
      <subfield code="a">0 470 99111 9</subfield>
    </datafield>
    <controlfield tag="008">$a 251120################g##########0#eng##</controlfield>
    <controlfield tag="005">$a 20251120145733</controlfield>
  </record>
</collection>
